[Event "119th NZL-ch op"]
[Site "Queenstown NZL"]
[Date "2012.01.18"]
[Round "4"]
[White "McDonald, John"]
[Black "Gold, Hamish"]
[Result "1-0"]
[WhiteElo "2068"]
[BlackElo "1830"]
[EventDate "2012.01.15"]
[PlyCount "51"]

1.d4 c5 2.e3 g6 3.Nf3 Bg7 4.Bd3 Nf6 5.O-O d6 6.c4 O-O 7.b3 Nc6 8.Bb2 Bg4 
9.Nbd2 Nb4 10.Bb1 Qd7 11.a3 Nc6 12.h3 Bxf3 13.Nxf3 Qc7 14.d5 Ne5 15.Nh4 
Rae8 16.f4 Ned7 17.Qd3 e5 18.dxe6 Rxe6 19.Ra2 Rfe8 20.Rf3 Qa5 21.Bc3 Qd8 
22.Be1 Ne4 23.g4 Qb6 24.Rg2 Qc6 25.g5 Bb2 26.Rxb2 1-0

[Event "119th NZL-ch op"]
[Site "Queenstown NZL"]
[Date "2012.01.18"]
[Round "4"]
[White "Milligan, Helen"]
[Black "Ker, Anthony"]
[Result "1-0"]
[WhiteElo "1979"]
[BlackElo "2359"]
[EventDate "2012.01.15"]
[PlyCount "121"]

1.e4 d6 2.d4 Nf6 3.Nc3 g6 4.Nf3 Bg7 5.Be2 O-O 6.O-O Bg4 7.Be3 Nc6 8.Qd2 e5
9.dxe5 dxe5 10.Rad1 Qc8 11.Qc1 Rd8 12.Rxd8+ Nxd8 13.h3 Bxf3 14.Bxf3 c6 15.
Rd1 Ne6 16.Ne2 Qc7 17.c3 a5 18.a4 Bf8 19.Qc2 Bc5 20.Bxc5 Nxc5 21.Ng3 Rd8 
22.Rxd8+ Qxd8 23.Be2 h5 24.f3 Qb6 25.Kh2 Ne6 26.Bc4 Nf4 27.Qd2 Qc5 28.Bb3 
Kg7 29.Nf1 h4 30.Ba2 Ne8 31.Ne3 Nd6 32.Qf2 Kf8 33.Qd2 Ke7 34.Ng4 b5 35.
axb5 cxb5 36.Ne3 Nc4 37.Bxc4 bxc4 38.g3 hxg3+ 39.Kxg3 a4 40.Kh2 Qb5 41.Kg3
f6 42.Kh2 Qb6 43.Qf2 Kf7 44.Qd2 Ke7 45.Qf2 Qb5 46.Qd2 Qb3 47.Kg3 Qb6 48.
Kh2 Qe6 49.Ng4 Nd3 50.Ne3 Kf7 51.Nd5 Qc8 52.Qh6 Qf8 53.Qe3 Qb8 54.Nb6 Nxb2
55.Qc5 a3 56.Nc8 Kg7 57.Qe7+ Kh6 58.Qf8+ Kh7 59.Qf7+ Kh6 60.Ne7 Kg5 61.Kg3
1-0

[Event "119th NZL-ch op"]
[Site "Queenstown NZL"]
[Date "2012.01.18"]
[Round "4"]
[White "Morris, James"]
[Black "Ganguly, Surya Shekhar"]
[Result "1/2-1/2"]
[WhiteElo "2354"]
[BlackElo "2639"]
[EventDate "2012.01.15"]
[PlyCount "89"]

1.c4 Nf6 2.Nc3 e6 3.d4 Bb4 4.Qc2 O-O 5.a3 Bxc3+ 6.Qxc3 d5 7.Nf3 dxc4 8.
Qxc4 b6 9.Bg5 Ba6 10.Qc2 c5 11.dxc5 bxc5 12.Rd1 Qa5+ 13.Nd2 Nc6 14.Bxf6 
gxf6 15.e3 Bxf1 16.Rxf1 Rfd8 17.f4 Rab8 18.Kf2 Qb5 19.Nc4 Na5 20.Nxa5 Qxa5
21.Rxd8+ Rxd8 22.Rd1 Rb8 23.f5 Qb5 24.fxe6 Qxb2 25.Qxb2 Rxb2+ 26.Kf3 fxe6 
27.Rd8+ Kf7 28.Rd7+ Kg6 29.Rxa7 h5 30.Rc7 Rb5 31.a4 Ra5 32.g3 Kf5 33.Rh7 
Kg6 34.Rc7 e5 35.h4 Kf5 36.e4+ Ke6 37.Rc6+ Ke7 38.g4 Rxa4 39.gxh5 f5 40.
exf5 Rxh4 41.h6 Rf4+ 42.Ke3 Rxf5 43.h7 Rf8 44.Ke4 Kf7 45.Kxe5 1/2-1/2

[Event "119th NZL-ch op"]
[Site "Queenstown NZL"]
[Date "2012.01.18"]
[Round "4"]
[White "Kruttika, Nadig"]
[Black "Lester, George"]
[Result "1-0"]
[WhiteElo "2234"]
[BlackElo "2008"]
[EventDate "2012.01.15"]
[PlyCount "79"]

1.e4 e5 2.Nf3 Nc6 3.Bb5 Nf6 4.d3 d6 5.O-O g6 6.h3 Bg7 7.c3 O-O 8.Bg5 h6 9.
Be3 a6 10.Ba4 b5 11.Bb3 Na5 12.Bc2 c5 13.Nbd2 Bb7 14.d4 Qc7 15.d5 c4 16.
Nh2 Bc8 17.Ng4 Nxg4 18.hxg4 Qd7 19.f3 Qe7 20.Qe1 f5 21.gxf5 gxf5 22.exf5 
Bxf5 23.Ne4 Nb7 24.Qg3 Bxe4 25.Bxe4 Rf6 26.Kf2 Rc8 27.Rh1 Nc5 28.Bxc5 Rxc5
29.a3 a5 30.Rh4 Qa7 31.Ke2 Rc7 32.Rah1 Kf8 33.Rg4 b4 34.Rg6 Rcf7 35.Rxf6 
Rxf6 36.Qg4 Qc5 37.axb4 axb4 38.Ra1 Qc7 39.Ra8+ Kf7 40.Qh5+ 1-0

[Event "119th NZL-ch op"]
[Site "Queenstown NZL"]
[Date "2012.01.18"]
[Round "4"]
[White "Nijman, Arie"]
[Black "King, Mathew"]
[Result "0-1"]
[WhiteElo "1834"]
[BlackElo "1961"]
[EventDate "2012.01.15"]
[PlyCount "58"]

1.e4 c5 2.c3 Nf6 3.e5 Nd5 4.d4 cxd4 5.Bc4 Qc7 6.Qe2 Nb6 7.Bd3 Nc6 8.Nf3 
Nb4 9.O-O Nxd3 10.Qxd3 g6 11.cxd4 Bg7 12.Nc3 d5 13.exd6 Qxd6 14.Be3 O-O 
15.Rac1 Bf5 16.Qe2 Rfd8 17.Rfd1 Nd5 18.Nxd5 Qxd5 19.Bf4 Bg4 20.Qxe7 Bxf3 
21.gxf3 Qxf3 22.Qe3 Qg4+ 23.Kf1 Rac8 24.d5 Rxc1 25.Rxc1 Rxd5 26.Qb3 Rd8 
27.Bg3 Qe4 28.Rc7 Qh1+ 29.Ke2 Re8+ 0-1

[Event "119th NZL-ch op"]
[Site "Queenstown NZL"]
[Date "2012.01.18"]
[Round "4"]
[White "Renzies, Elliott"]
[Black "Davis, Justin"]
[Result "0-1"]
[WhiteElo "1668"]
[BlackElo "1985"]
[EventDate "2012.01.15"]
[PlyCount "66"]

1.e4 d5 2.exd5 Nf6 3.Nf3 Qxd5 4.Nc3 Qd6 5.d4 c6 6.Be2 Bf5 7.O-O e6 8.Bg5 
Nbd7 9.Re1 Be7 10.Bh4 Qc7 11.Bg3 Bd6 12.Bxd6 Qxd6 13.Bd3 Bg4 14.Ne4 Nxe4 
15.Rxe4 Nf6 16.Rxg4 Nxg4 17.c3 h5 18.Qb3 O-O-O 19.h3 Nf6 20.Ne5 Rdf8 21.
Qa4 Kb8 22.b4 Nd7 23.Nc4 Qc7 24.Qb3 g5 25.a4 g4 26.h4 g3 27.fxg3 Qxg3 28.
Be4 Nf6 29.Bf3 Rhg8 30.Ne5 Rd8 31.b5 c5 32.dxc5 Rd2 33.Nc6+ Ka8 0-1

[Event "119th NZL-ch op"]
[Site "Queenstown NZL"]
[Date "2012.01.18"]
[Round "4"]
[White "Repplinger, Marc"]
[Black "Ilic, Ilija"]
[Result "1-0"]
[WhiteElo "2241"]
[BlackElo "2010"]
[EventDate "2012.01.15"]
[PlyCount "83"]

1.d4 Nf6 2.Nf3 d6 3.c4 g6 4.Nc3 Bg7 5.e4 O-O 6.Be2 Nc6 7.O-O e5 8.d5 Ne7 
9.Ne1 h6 10.Nd3 g5 11.Be3 Ng6 12.g3 Bd7 13.Kh1 c6 14.a4 Qc8 15.f3 Nh7 16.
Rc1 f5 17.exf5 Bxf5 18.Nf2 c5 19.Nce4 Qc7 20.Bd3 Ne7 21.Qc2 b6 22.Kg2 Qd7 
23.g4 Bxe4 24.Bxe4 Nf6 25.Bd3 Kh8 26.h4 Nfxd5 27.cxd5 Nxd5 28.Bd2 Nf4+ 29.
Bxf4 Rxf4 30.hxg5 d5 31.gxh6 Bf6 32.Rcd1 Rg8 33.Be4 d4 34.Rh1 Qe6 35.b3 
Bg5 36.Rh3 Rf6 37.h7 Rg7 38.Qc4 Qe7 39.Rdh1 Rgf7 40.Rh5 Be3 41.Qd5 Bxf2 
42.Rg5 1-0

[Event "119th NZL-ch op"]
[Site "Queenstown NZL"]
[Date "2012.01.18"]
[Round "4"]
[White "Selnes, Hamish"]
[Black "Smith, Vivian"]
[Result "1-0"]
[WhiteElo "1904"]
[BlackElo "1752"]
[EventDate "2012.01.15"]
[PlyCount "65"]

1.d4 Nf6 2.c4 g6 3.Nc3 Bg7 4.e4 d6 5.f4 Nbd7 6.Nf3 c5 7.d5 O-O 8.Be2 a6 9.
a4 a5 10.O-O Ne8 11.Be3 b6 12.Qd2 Nef6 13.h3 Nh5 14.Kh2 Nhf6 15.e5 Ne8 16.
exd6 Nxd6 17.Bd3 Nf6 18.g4 Bd7 19.Ne5 Be8 20.Rae1 Qc7 21.Bf2 Bd7 22.Bg3 
Qc8 23.Rf2 Be8 24.Rfe2 Ra7 25.b3 h6 26.Ne4 Nfxe4 27.Bxe4 Nxe4 28.Rxe4 f6 
29.Nf3 Qd8 30.Qe2 Rf7 31.Nh4 Kh7 32.f5 g5 33.Ng6 1-0

[Event "119th NZL-ch op"]
[Site "Queenstown NZL"]
[Date "2012.01.18"]
[Round "4"]
[White "Setiabudi, Megan"]
[Black "Vuglar, Shannon"]
[Result "1/2-1/2"]
[WhiteElo "1755"]
[BlackElo "1581"]
[EventDate "2012.01.15"]
[PlyCount "82"]

1.e4 e5 2.Nf3 Nc6 3.Bb5 a6 4.Bxc6 dxc6 5.Nc3 f6 6.d4 exd4 7.Qxd4 Qxd4 8.
Nxd4 Bd7 9.Be3 c5 10.Nde2 O-O-O 11.O-O-O Bd6 12.Nd5 Ne7 13.Nb6+ cxb6 14.
Rxd6 Bc6 15.Rxd8+ Rxd8 16.f3 Rd7 17.Rd1 Rxd1+ 18.Kxd1 Kd7 19.Nf4 g6 20.Nd3
c4 21.Nf2 b5 22.Ng4 Ke6 23.Bd4 f5 24.Nf2 fxe4 25.fxe4 Nc8 26.Ke2 Nd6 27.
Ke3 Bxe4 28.Nxe4 Nf5+ 29.Kd2 Nxd4 30.Ng5+ Ke7 31.Nxh7 Ne6 32.Ke3 Kf7 33.h4
Kg7 34.Ng5 Nxg5 35.hxg5 Kf7 36.Ke4 Ke6 37.g4 b4 38.Kd4 a5 39.Ke4 Kd6 40.
Kd4 b5 41.Ke4 Ke6 1/2-1/2

[Event "119th NZL-ch op"]
[Site "Queenstown NZL"]
[Date "2012.01.18"]
[Round "4"]
[White "Shen, Daniel"]
[Black "Tionko, Efrain"]
[Result "1-0"]
[WhiteElo "2182"]
[BlackElo "1865"]
[EventDate "2012.01.15"]
[PlyCount "103"]

1.e4 c5 2.Nf3 a6 3.c4 e6 4.Nc3 Qc7 5.Be2 d6 6.d4 cxd4 7.Nxd4 Nf6 8.O-O Be7
9.Be3 Nbd7 10.Rc1 b6 11.f3 O-O 12.Qd2 Bb7 13.Rfd1 Rac8 14.Bf1 Qb8 15.Qf2 
Bd8 16.b3 Bc7 17.g3 Ne5 18.Nde2 Nfd7 19.Nf4 Rfe8 20.Bg2 Ba8 21.a4 h6 22.h4
Nf6 23.Qd2 Rcd8 24.g4 Nc6 25.g5 hxg5 26.hxg5 Nd7 27.Bh3 Nde5 28.Qf2 Ne7 
29.Nh5 d5 30.cxd5 exd5 31.f4 N5g6 32.e5 Qb7 33.Bd4 Nc6 34.Ne2 Ncxe5 35.
fxe5 Bxe5 36.Bg2 Qe7 37.Rf1 Rd7 38.Qf5 Bxd4+ 39.Nxd4 Qe3+ 40.Kh1 Rde7 41.
Rc8 Rxc8 42.Qxc8+ Kh7 43.Nf5 Qxg5 44.Nxe7 Qxh5+ 45.Kg1 Nxe7 46.Qxa8 Qg5 
47.Qxa6 Qe3+ 48.Rf2 f5 49.Qe2 f4 50.Qh5+ Kg8 51.Bxd5+ Nxd5 52.Qxd5+ 1-0

[Event "119th NZL-ch op"]
[Site "Queenstown NZL"]
[Date "2012.01.18"]
[Round "4"]
[White "Smith, Robert"]
[Black "Pinic, Noel"]
[Result "0-1"]
[WhiteElo "2273"]
[BlackElo "2066"]
[EventDate "2012.01.15"]
[PlyCount "104"]

1.e4 c5 2.Nf3 Nc6 3.Bb5 d6 4.d4 cxd4 5.Nxd4 Bd7 6.O-O Nf6 7.Nc3 g6 8.Be2 
Bg7 9.Be3 O-O 10.Qd2 Re8 11.Rad1 Rc8 12.f3 a6 13.Nxc6 Bxc6 14.Nd5 b5 15.
Nxf6+ Bxf6 16.Bd4 Bxd4+ 17.Qxd4 Bb7 18.c4 b4 19.h4 Qa5 20.Ra1 h5 21.a3 
Red8 22.Kh1 b3 23.Rfd1 Bc6 24.Rac1 Qc7 25.Qe3 a5 26.Qg5 Kg7 27.Rc3 f6 28.
Qg3 a4 29.Re3 Qb7 30.Bd3 e5 31.Re2 Bd7 32.Rc1 Be6 33.Qe1 Rc5 34.Qb4 Qa7 
35.Ree1 Rb8 36.Qd2 Rbc8 37.Bf1 Bxc4 38.Bxc4 Rxc4 39.Rxc4 Rxc4 40.Qxd6 Rc2 
41.f4 Qc7 42.fxe5 fxe5 43.Qb4 Rc4 44.Qd2 Qe7 45.g3 Qe6 46.Qg5 Rc2 47.g4 
Rxb2 48.Rd1 Re2 49.Qd8 Rf2 50.Rd6 b2 51.Rd7+ Rf7 52.Rd1 Qxg4 0-1

[Event "119th NZL-ch op"]
[Site "Queenstown NZL"]
[Date "2012.01.18"]
[Round "4"]
[White "Steadman, Michael"]
[Black "Safarian, Alek"]
[Result "0-1"]
[WhiteElo "2258"]
[BlackElo "2036"]
[EventDate "2012.01.15"]
[PlyCount "154"]

1.d4 d5 2.c4 e6 3.Nf3 c6 4.e3 Nf6 5.Nbd2 Nbd7 6.Bd3 b6 7.O-O Be7 8.Ne5 Bb7
9.cxd5 Nxe5 10.dxe5 Nxd5 11.Bc4 b5 12.Be2 O-O 13.Qb3 a6 14.f4 Qb6 15.Rf3 
c5 16.Nf1 Rad8 17.a3 f6 18.exf6 Rxf6 19.Qc2 c4 20.Kh1 Rdf8 21.Rh3 g6 22.
Bf3 Bc5 23.Bd2 Bc8 24.Re1 R6f7 25.Rg3 Bb7 26.h4 Ne7 27.Bxb7 Qxb7 28.h5 Qd5
29.hxg6 hxg6 30.e4 Rh7+ 31.Nh2 Qd7 32.Bc1 Qa7 33.Rd1 Bf2 34.Rf3 Bd4 35.g3 
e5 36.Kg2 Nc6 37.f5 gxf5 38.exf5 Qd7 39.Qe4 Ne7 40.g4 Qc6 41.Qxc6 Nxc6 42.
Re1 Rd8 43.Nf1 Kg7 44.Rh3 Rxh3 45.Kxh3 Rh8+ 46.Kg2 Na5 47.Re2 Rc8 48.Bd2 
Nb3 49.Bc3 Rd8 50.Ng3 Nc1 51.Rd2 Nd3 52.Kf3 Rh8 53.Bxd4 exd4 54.Ke4 Nc5+ 
55.Kf4 d3 56.Ne4 Nxe4 57.Kxe4 Re8+ 58.Kf3 Kf6 59.Rh2 Ke5 60.Ke3 Kd5+ 61.
Kd2 Rg8 62.Rg2 Ke5 63.Ke3 Re8 64.Rf2 Kf6+ 65.Kf4 Re2 66.g5+ Kg7 67.Kf3 
Rxb2 68.Rxb2 c3 69.f6+ Kg8 70.Rxb5 c2 71.Rb8+ Kf7 72.Rc8 d2 73.Rxc2 d1=Q+ 
74.Re2 Qd5+ 75.Kf4 Kg6 76.Re5 Qd6 77.a4 Qd4+ 0-1

[Event "119th NZL-ch op"]
[Site "Queenstown NZL"]
[Date "2012.01.18"]
[Round "4"]
[White "Stuart, Peter"]
[Black "Schon, Eugene"]
[Result "1/2-1/2"]
[WhiteElo "1991"]
[BlackElo "2188"]
[EventDate "2012.01.15"]
[PlyCount "109"]

1.c4 c6 2.Nf3 d5 3.b3 dxc4 4.bxc4 e5 5.Nc3 Nd7 6.Qc2 Ngf6 7.d3 Bd6 8.g3 
O-O 9.Bg2 Nc5 10.O-O Bf5 11.Bg5 h6 12.Bxf6 Qxf6 13.Nd2 Qe7 14.Nce4 Nxe4 
15.Nxe4 Bxe4 16.Bxe4 f5 17.Bg2 Bc5 18.e3 Rad8 19.Rad1 Rd7 20.Rfe1 Qf6 21.
f4 exf4 22.gxf4 g5 23.d4 Bd6 24.Rf1 gxf4 25.exf4 Qh4 26.Qf2 Qxf2+ 27.Rxf2 
Bc5 28.Rfd2 Rfd8 29.Kf1 Rxd4 30.Rxd4 Rxd4 31.Rxd4 Bxd4 32.Bh3 Be3 33.Bxf5 
Bxf4 34.h3 Kf7 35.Bc8 b5 36.cxb5 cxb5 37.Bd7 a6 38.Ke2 Ke7 39.Bc8 a5 40.
Ba6 b4 41.Kd3 Kd6 42.Kc4 Kc6 43.Bb5+ Kb6 44.Ba4 h5 45.Be8 h4 46.Ba4 Bd2 
47.Be8 Kc7 48.Ba4 Kd6 49.Bd1 Ke5 50.Kb3 Kd4 51.Ka4 Kc5 52.Bb3 Kb6 53.Bc4 
Be1 54.Bb3 Bg3 55.Bd1 1/2-1/2

[Event "119th NZL-ch op"]
[Site "Queenstown NZL"]
[Date "2012.01.18"]
[Round "4"]
[White "Kharisma Sukandar, Irine"]
[Black "Solomon, Stephen"]
[Result "1-0"]
[WhiteElo "2325"]
[BlackElo "2375"]
[EventDate "2012.01.15"]
[PlyCount "103"]

1.e4 c5 2.Nf3 d6 3.d4 cxd4 4.Nxd4 Nf6 5.Nc3 Nc6 6.Bg5 e6 7.Qd2 a6 8.O-O-O 
Bd7 9.f4 b5 10.Nxc6 Bxc6 11.Qe1 Be7 12.Bd3 h6 13.Bxf6 Bxf6 14.e5 dxe5 15.
Bxb5 axb5 16.Rxd8+ Rxd8 17.fxe5 Bg5+ 18.Kb1 Bxg2 19.Rg1 Bc6 20.h4 Bd2 21.
Qg3 g5 22.Qf2 Bxc3 23.bxc3 Be4 24.Qf6 Rg8 25.Qxh6 g4 26.Qf4 Bf5 27.h5 f6 
28.Qh6 fxe5 29.Qf6 Rd7 30.Kc1 g3 31.Qxe5 g2 32.Qe2 Rh7 33.Qxb5+ Kf7 34.
Rxg2 Rxg2 35.Qb7+ Kf6 36.Qxg2 Rxh5 37.a4 Rh4 38.Qa8 Rh2 39.a5 Rxc2+ 40.Kd1
Ra2 41.a6 Bc2+ 42.Kc1 Ke5 43.Qb8+ Kf5 44.Qb5+ Kf6 45.Qc4 Ra4 46.a7 Rxa7 
47.Kxc2 Re7 48.Qe4 e5 49.c4 Rd7 50.Kc3 Ke6 51.Qg4+ Ke7 52.Qf5 1-0

[Event "119th NZL-ch op"]
[Site "Queenstown NZL"]
[Date "2012.01.18"]
[Round "4"]
[White "Tang, Jason"]
[Black "Lim Kian Hwa"]
[Result "1-0"]
[WhiteElo "2030"]
[BlackElo "1922"]
[EventDate "2012.01.15"]
[PlyCount "73"]

1.d4 Nf6 2.c4 d6 3.Nc3 Nbd7 4.Nf3 e5 5.e4 Be7 6.Be2 O-O 7.O-O c6 8.Re1 Re8
9.Qc2 Qc7 10.d5 c5 11.a3 Qd8 12.b4 b6 13.Nd2 Bb7 14.Nb3 Rc8 15.Bd2 Ba6 16.
b5 Bb7 17.a4 Ra8 18.a5 Qc7 19.g3 Nf8 20.f4 exf4 21.gxf4 Ng6 22.Qd3 Bf8 23.
Bf3 Qd7 24.Bg2 Qg4 25.Qg3 Nh4 26.Bh1 Ng6 27.Qxg4 Nxg4 28.axb6 axb6 29.Na4 
Be7 30.Nxb6 Rxa1 31.Rxa1 Bh4 32.Ra7 Re7 33.Na5 Bf2+ 34.Kf1 Bxd5 35.Rxe7 
Bxc4+ 36.Nbxc4 Nxe7 37.b6 1-0

[Event "119th NZL-ch op"]
[Site "Queenstown NZL"]
[Date "2012.01.18"]
[Round "4"]
[White "Tao, Trevor"]
[Black "Rozentalis, Eduardas"]
[Result "1/2-1/2"]
[WhiteElo "2422"]
[BlackElo "2592"]
[EventDate "2012.01.15"]
[PlyCount "80"]

1.d4 Nf6 2.c4 e6 3.Nf3 Nc6 4.a3 d6 5.Nc3 g6 6.e4 Bg7 7.Be2 O-O 8.O-O Re8 
9.Bf4 e5 10.dxe5 dxe5 11.Qxd8 Nxd8 12.Nxe5 Nxe4 13.Nxe4 Bxe5 14.Bxe5 Rxe5 
15.Bf3 Bf5 16.Rfe1 Nc6 17.Nf6+ Kg7 18.Nd5 Rae8 19.Rxe5 Nxe5 20.Nxc7 Nxf3+ 
21.gxf3 Rc8 22.Nb5 Rxc4 23.Nxa7 Bh3 24.b4 Rc3 25.Nb5 Rxf3 26.Nd6 b6 27.Nc4
b5 28.Ne3 f5 29.a4 f4 30.Nf1 bxa4 31.Rxa4 Rd3 32.Ra1 Kh6 33.Rb1 Rd5 34.f3 
Rg5+ 35.Kf2 Rg2+ 36.Ke1 Rg1 37.Kf2 Rg2+ 38.Ke1 Bf5 39.Rd1 Kg5 40.Rd2 Rxd2 
1/2-1/2

[Event "119th NZL-ch op"]
[Site "Queenstown NZL"]
[Date "2012.01.18"]
[Round "4"]
[White "Tsagarakis, Angelo"]
[Black "Rains, Timothy"]
[Result "1-0"]
[WhiteElo "1883"]
[BlackElo "1737"]
[EventDate "2012.01.15"]
[PlyCount "75"]

1.d4 Nf6 2.Nf3 g6 3.Bf4 Bg7 4.Nbd2 c5 5.c3 cxd4 6.cxd4 d6 7.h3 Nbd7 8.e3 
b6 9.Bc4 Bb7 10.O-O O-O 11.Rc1 Re8 12.Qb3 d5 13.Bb5 a6 14.Bc7 Qc8 15.Bxb6 
Qb8 16.Bc7 Qa7 17.Ba4 Rec8 18.Ne5 Nxe5 19.dxe5 Ne8 20.Bb6 Qb8 21.f4 Nc7 
22.Bd7 Rf8 23.Bxc7 Qa7 24.Bb6 Qb8 25.Bc5 Rd8 26.e6 Bf6 27.Nf3 fxe6 28.
Bxe6+ Kg7 29.Bb6 Rf8 30.Rc7 Bc8 31.Bxd5 Ra7 32.Rxa7 Qd6 33.Rc1 Bf5 34.Rc6 
Qb8 35.Rcc7 Qe8 36.Bd4 Qd8 37.Rxe7+ Kh6 38.Rxh7# 1-0

[Event "119th NZL-ch op"]
[Site "Queenstown NZL"]
[Date "2012.01.18"]
[Round "4"]
[White "Tsoi, Nicole"]
[Black "Voon, Richard"]
[Result "1-0"]
[WhiteElo "1715"]
[BlackElo "1933"]
[EventDate "2012.01.15"]
[PlyCount "73"]

1.d4 Nf6 2.Bf4 d5 3.e3 Bf5 4.c4 e6 5.Nc3 c6 6.Qb3 Qb6 7.c5 Qxb3 8.axb3 
Nbd7 9.Nf3 Be7 10.b4 O-O 11.b5 Nh5 12.Bg3 Nxg3 13.hxg3 h6 14.Be2 Bf6 15.
O-O e5 16.Ra4 e4 17.Nd2 cxb5 18.Nxb5 a6 19.Nc7 Rac8 20.Nxd5 Rfe8 21.Nc4 
Re6 22.Rb4 Rb8 23.Nd6 Rxd6 24.cxd6 Bd8 25.Rc1 Kf8 26.Nc7 g5 27.Bc4 Kg7 28.
Bd5 b5 29.Nxa6 Rb6 30.Rc6 Rb7 31.Nc7 Nf6 32.Bc4 Bd7 33.Rc5 Rb6 34.Nxb5 
Bxb5 35.Rbxb5 Rxd6 36.Rb7 Nd7 37.Rd5 1-0

[Event "119th NZL-ch op"]
[Site "Queenstown NZL"]
[Date "2012.01.18"]
[Round "4"]
[White "Van Riemsdijk, Herman Claudius"]
[Black "Pyke, Malcolm"]
[Result "1-0"]
[WhiteElo "2401"]
[BlackElo "2132"]
[EventDate "2012.01.15"]
[PlyCount "61"]

1.e4 c5 2.Nf3 d6 3.d4 cxd4 4.Nxd4 Nf6 5.Nc3 g6 6.Be3 Bg7 7.f3 O-O 8.Qd2 
Nc6 9.O-O-O Nxd4 10.Bxd4 Be6 11.Kb1 Qc7 12.h4 Rfc8 13.h5 Qa5 14.hxg6 fxg6 
15.a3 Rab8 16.Bd3 b5 17.Qg5 Bc4 18.Bxc4+ Rxc4 19.Nd5 Qd8 20.Nxf6+ exf6 21.
Qd5+ Kf8 22.Rxh7 Rbc8 23.Rdh1 Qe7 24.c3 a6 25.Be3 g5 26.Qf5 R8c7 27.Rh8+ 
Bxh8 28.Rxh8+ Kf7 29.Rh7+ Kf8 30.Rxe7 Rxe7 31.Bd4 1-0

[Event "119th NZL-ch op"]
[Site "Queenstown NZL"]
[Date "2012.01.18"]
[Round "4"]
[White "Watharow, Sean"]
[Black "Fairley, Natasha"]
[Result "1-0"]
[WhiteElo "1929"]
[BlackElo "1798"]
[EventDate "2012.01.15"]
[PlyCount "141"]

1.e4 e5 2.Nf3 Nc6 3.d4 exd4 4.Nxd4 Bc5 5.Nxc6 bxc6 6.Bd3 d6 7.Nc3 Qf6 8.
Qe2 Ne7 9.O-O Ng6 10.Kh1 Nf4 11.Qf3 Nxd3 12.Qxf6 gxf6 13.cxd3 Ba6 14.Na4 
Bxd3 15.Rd1 Bc2 16.Nxc5 Bxd1 17.Nd3 Bc2 18.Nb4 Bxe4 19.Bh6 Kd7 20.f3 Bd5 
21.Bg7 Rhe8 22.Bxf6 Re6 23.Bc3 Rg8 24.Nd3 Ree8 25.Rd1 Bc4 26.Ne5+ Rxe5 27.
Bxe5 Bxa2 28.Bc3 Bc4 29.Rd4 Bb3 30.Kg1 c5 31.Rf4 Be6 32.Kf2 Bb3 33.Rh4 Bc2
34.g4 Bg6 35.f4 f5 36.h3 Re8 37.Rh6 Rf8 38.g5 d5 39.Be5 d4 40.h4 Rb8 41.h5
Rxb2+ 42.Ke1 Rb6 43.hxg6 hxg6 44.Rh7+ Kc6 45.Rxc7+ Kd5 46.Rxa7 d3 47.Kd2 
c4 48.Rd7+ Ke6 49.Rd8 Ra6 50.Kc3 Rc6 51.Bd4 Ke7 52.Rd5 Ke6 53.Re5+ Kd6 54.
Be3 Rc7 55.Rb5 Rc6 56.Bd2 Ke6 57.Kd4 Kd6 58.Bb4+ Ke6 59.Rc5 Rd6+ 60.Ke3 d2
61.Bxd2 Rd3+ 62.Ke2 Rd4 63.Rc6+ Kf7 64.Kd1 Ke7 65.Kc2 Kf7 66.Rf6+ Kg7 67.
Bc3 Rd3 68.Rc6+ Kf7 69.Rxc4 Rf3 70.Be5 Ra3 71.Rc6 1-0

[Event "119th NZL-ch op"]
[Site "Queenstown NZL"]
[Date "2012.01.18"]
[Round "4"]
[White "West, Guy"]
[Black "Duneas, John"]
[Result "1/2-1/2"]
[WhiteElo "2323"]
[BlackElo "2087"]
[EventDate "2012.01.15"]
[PlyCount "103"]

1.d4 d5 2.c4 c6 3.Nc3 Nf6 4.Nf3 dxc4 5.a4 Bf5 6.Nh4 Bg6 7.Nxg6 hxg6 8.e3 
e6 9.Bxc4 Bb4 10.O-O Nbd7 11.Qe2 Qa5 12.h3 O-O 13.Na2 Qxa4 14.e4 Qa5 15.
Nxb4 Qxa1 16.Na2 b5 17.Bf4 Qxf1+ 18.Qxf1 bxc4 19.Bd6 Rfc8 20.e5 Ne8 21.
Qxc4 Nxd6 22.exd6 a5 23.Nc1 c5 24.Nd3 cxd4 25.Qxd4 Ra6 26.b4 axb4 27.Nxb4 
Rb6 28.g3 Rc5 29.Kg2 Rcb5 30.Nc2 Rd5 31.Qa4 Rbxd6 32.Ne3 Rd4 33.Qa8+ Nf8 
34.Qe8 Rd8 35.Qe7 Nh7 36.Ng4 R4d7 37.Qc5 Rd5 38.Qe7 Rc8 39.h4 Nf6 40.Nxf6+
gxf6 41.Qxf6 Rc2 42.Kh3 Rdd2 43.f4 Rd3 44.h5 gxh5 45.Qg5+ Kf8 46.Qh6+ Ke8 
47.Qh8+ Ke7 48.f5 Rcc3 49.f6+ Kd7 50.Qa8 Rxg3+ 51.Kh4 e5 52.Qd5+ 1/2-1/2

[Event "119th NZL-ch op"]
[Site "Queenstown NZL"]
[Date "2012.01.19"]
[Round "5"]
[White "Andersson, Christin"]
[Black "Watharow, Sean"]
[Result "1-0"]
[WhiteElo "2123"]
[BlackElo "1929"]
[EventDate "2012.01.15"]
[PlyCount "137"]

1.e4 c5 2.Nf3 Nc6 3.c3 Nf6 4.e5 Nd5 5.d4 cxd4 6.cxd4 d6 7.Bc4 Nb6 8.Bxf7+ 
Kxf7 9.Ng5+ Kg8 10.Qf3 Qe8 11.e6 g6 12.d5 Ne5 13.Qe4 Qa4 14.Nc3 Qxe4+ 15.
Ngxe4 Nd3+ 16.Ke2 Nb4 17.Rd1 N4xd5 18.Nxd5 Nxd5 19.Rxd5 Bxe6 20.Rd1 Rc8 
21.Be3 a6 22.Rac1 Rc6 23.b3 h6 24.Rxc6 bxc6 25.Rd4 c5 26.Ra4 Bc8 27.Nc3 
Bb7 28.f3 Bg7 29.Kd3 Kh7 30.b4 c4+ 31.Kc2 d5 32.Bc5 e5 33.b5 axb5 34.Ra7 
Ba8 35.Nxb5 d4 36.Nxd4 exd4 37.Bxd4 Rg8 38.Bxg7 g5 39.Bd4+ Kg6 40.Kc3 Bd5 
41.a4 Rb8 42.Rg7+ Kf5 43.Re7 Rb3+ 44.Kc2 Kg6 45.a5 Ra3 46.Ra7 h5 47.Bc3 g4
48.fxg4 hxg4 49.g3 Be4+ 50.Kd2 Bf3 51.a6 Ra2+ 52.Ke3 Rxh2 53.Rg7+ Kf5 54.
a7 Ra2 55.Kd4 Ke6 56.Kxc4 Kd6 57.Kb5 Ke6 58.Ba5 Be2+ 59.Kb4 Bf3 60.Rxg4 
Rb2+ 61.Kc3 Ra2 62.Rg5 Kd7 63.Kb4 Rc2 64.Rf5 Bg2 65.g4 Rc8 66.g5 Rg8 67.
Bb6 Kc6 68.Be3 Bh3 69.Rb5 1-0

[Event "119th NZL-ch op"]
[Site "Queenstown NZL"]
[Date "2012.01.19"]
[Round "5"]
[White "Ansell, Alan"]
[Black "West, Guy"]
[Result "1/2-1/2"]
[WhiteElo "2079"]
[BlackElo "2323"]
[EventDate "2012.01.15"]
[PlyCount "148"]

1.d4 Nf6 2.c4 e6 3.Nc3 d5 4.cxd5 exd5 5.Bg5 Be7 6.e3 c6 7.Bd3 Bg4 8.Nge2 
Bh5 9.O-O O-O 10.f3 Bg6 11.Kh1 Nbd7 12.Bxg6 hxg6 13.Qd3 Qa5 14.Ng3 Rfe8 
15.Bxf6 gxf6 16.Nce2 Rad8 17.a3 Nf8 18.b4 Qb6 19.Rab1 Ne6 20.Nc3 f5 21.f4 
a6 22.Nce2 Ng7 23.Ng1 Bh4 24.N3e2 Re6 25.Nf3 Rde8 26.Rb3 Bd8 27.Ne5 Nh5 
28.Ng3 Nxg3+ 29.hxg3 Kg7 30.g4 fxg4 31.Nxg4 Qb5 32.f5 Qxd3 33.Rxd3 gxf5 
34.Rxf5 Re4 35.Ne5 f6 36.Nd7 Rxe3 37.Rxe3 Rxe3 38.Rf3 Rxf3 39.gxf3 a5 40.
Nc5 axb4 41.axb4 Be7 42.Nxb7 Bxb4 43.Nd8 Bc3 44.Nxc6 Kf7 45.Kg2 Ke6 46.Kf2
Kd6 47.Nd8 Bxd4+ 48.Ke2 Bb6 49.Nf7+ Ke6 50.Nh8 f5 51.Ng6 Bc7 52.Nh4 Bg3 
53.Ng2 f4 54.Kd3 Kd6 55.Kd4 Kc6 56.Kd3 Kc5 57.Kc3 d4+ 58.Kd3 Kd5 59.Kd2 
Kc4 60.Kc2 d3+ 61.Kd1 Kd4 62.Kd2 Kc4 63.Kd1 Kd4 64.Kd2 Bf2 65.Kd1 Be3 66.
Ne1 Bf2 67.Ng2 Bg3 68.Kd2 Kc4 69.Kd1 Kc3 70.Kc1 Be1 71.Kd1 Bg3 72.Kc1 d2+ 
73.Kd1 Kd3 74.Nxf4+ Bxf4 1/2-1/2

[Event "119th NZL-ch op"]
[Site "Queenstown NZL"]
[Date "2012.01.19"]
[Round "5"]
[White "Armstrong, Malcolm"]
[Black "Matheson, Laurence"]
[Result "1/2-1/2"]
[WhiteElo "2016"]
[BlackElo "2167"]
[EventDate "2012.01.15"]
[PlyCount "36"]

1.d4 Nf6 2.Nf3 e6 3.e3 c5 4.Bd3 Nc6 5.c3 d6 6.O-O Be7 7.Nbd2 O-O 8.Qe2 Qc7
9.a3 e5 10.dxe5 dxe5 11.e4 Nh5 12.Nc4 Nf4 13.Bxf4 exf4 14.e5 f5 15.exf6 
Bxf6 16.Qe4 g6 17.Rad1 Kg7 18.Qd5 Ne7 1/2-1/2

[Event "119th NZL-ch op"]
[Site "Queenstown NZL"]
[Date "2012.01.19"]
[Round "5"]
[White "Beckman, John"]
[Black "Kay, Bruce"]
[Result "0-1"]
[WhiteElo "1719"]
[BlackElo "1823"]
[EventDate "2012.01.15"]
[PlyCount "114"]

1.e4 e5 2.Nf3 Nc6 3.Bb5 a6 4.Ba4 Nf6 5.O-O Nxe4 6.d4 b5 7.Bb3 d5 8.dxe5 
Be6 9.c3 Be7 10.Bc2 O-O 11.Be3 Bg4 12.h3 Be6 13.Nbd2 Nxd2 14.Qxd2 Qd7 15.
Qd3 g6 16.Bh6 Rfe8 17.Kh2 Bf5 18.Qd2 Bxc2 19.Qxc2 Rad8 20.g4 d4 21.Rad1 d3
22.Qd2 Qd5 23.Qf4 Nxe5 24.Kg2 Qxf3+ 25.Qxf3 Nxf3 26.Kxf3 c5 27.Rfe1 c4 28.
Re4 Bc5 29.Be3 Bxe3 30.fxe3 f6 31.a4 Kf7 32.axb5 axb5 33.Rd4 Rxd4 34.cxd4 
Ra8 35.e4 Ra2 36.Rb1 Ke6 37.h4 h6 38.Ke3 h5 39.gxh5 gxh5 40.d5+ Ke5 41.Rf1
Rxb2 42.Rf5+ Kd6 43.Rxf6+ Ke7 44.Rf1 Re2+ 45.Kf3 c3 46.Ra1 c2 47.Ra7+ Kd6 
48.Ra6+ Kc5 49.Rc6+ Kb4 50.d6 d2 51.Rxc2 d1=Q 52.Rxe2 Qxd6 53.e5 Qe6 54.
Kf2 Kc4 55.Rc2+ Kd4 56.Rd2+ Kxe5 57.Re2+ Kf6 0-1

[Event "119th NZL-ch op"]
[Site "Queenstown NZL"]
[Date "2012.01.19"]
[Round "5"]
[White "Benson, Christopher"]
[Black "Mitchell, Robert"]
[Result "1-0"]
[WhiteElo "1924"]
[BlackElo "1672"]
[EventDate "2012.01.15"]
[PlyCount "93"]

1.Nf3 d6 2.d4 Bg4 3.Nbd2 Nf6 4.e4 e6 5.c3 Be7 6.Be2 O-O 7.O-O c6 8.e5 dxe5
9.Nxe5 Bxe2 10.Qxe2 Nbd7 11.Ndf3 Rc8 12.Be3 Nd5 13.Bd2 Bd6 14.Rad1 Qc7 15.
c4 N5f6 16.Bg5 Rce8 17.Rfe1 Nh5 18.Nxd7 Qxd7 19.Ne5 Qc7 20.Qxh5 f6 21.Bxf6
gxf6 22.Ng4 Qg7 23.Nh6+ Kh8 24.Nf5 Qc7 25.Nxd6 Qxd6 26.Re3 Re7 27.Qh6 Qd8 
28.Rde1 e5 29.f4 Ref7 30.dxe5 fxe5 31.fxe5 Qd2 32.h3 Rf2 33.R1e2 Rf1+ 34.
Kh2 Qb4 35.b3 Qc5 36.Qd6 Qb6 37.e6 Qd8 38.Qe5+ Qf6 39.Qxf6+ R1xf6 40.e7 
Re8 41.Rd3 Kg7 42.Rd7 Kf7 43.Rxb7 a5 44.Ra7 Rf5 45.Ra6 Rxe7 46.Rxe7+ Kxe7 
47.Rxc6 1-0